| 000 -LEADER |
| fixed length control field |
01082pab a2200217 454500 |
| 008 - FIXED-LENGTH DATA ELEMENTS--GENERAL INFORMATION |
| fixed length control field |
180718b2014 xxu||||| |||| 00| 0 eng d |
| 100 ## - MAIN ENTRY--PERSONAL NAME |
| Personal name |
Nageshwar, K. |
| 245 ## - TITLE STATEMENT |
| Title |
Parliament, state legislature and bifurcation |
| 260 ## - PUBLICATION, DISTRIBUTION, ETC. |
| Date of publication, distribution, etc. |
2014 |
| 300 ## - PHYSICAL DESCRIPTION |
| Extent |
p.28-31. |
| 362 ## - DATES OF PUBLICATION AND/OR SEQUENTIAL DESIGNATION |
| Dates of publication and/or sequential designation |
18 May |
| 520 ## - SUMMARY, ETC. |
| Summary, etc. |
In the context of the proposed division of Andhra Pradesh the question arises, what is the due process for reorganising states? The Constitution and various judgments of the Supreme Court are quite clear that Parliament has the unequivocal power in deciding matters relating to reorganisation of the states. Any debate regarding the constitutional provisions is more in the realm of politics than about any interpretation of the Constitution. - Reproduced. |
| 650 ## - SUBJECT ADDED ENTRY--TOPICAL TERM |
| Topical term or geographic name entry element |
Andhra Pradesh. Legislative Assembly |
| 650 ## - SUBJECT ADDED ENTRY--TOPICAL TERM |
| Topical term or geographic name entry element |
Andhra pradesh - Politics and government |
| 650 ## - SUBJECT ADDED ENTRY--TOPICAL TERM |
| Topical term or geographic name entry element |
Politics and government |
| 650 ## - SUBJECT ADDED ENTRY--TOPICAL TERM |
| Topical term or geographic name entry element |
Admiinistrative reform - India - Andhra Pradesh |
| 650 ## - SUBJECT ADDED ENTRY--TOPICAL TERM |
| Topical term or geographic name entry element |
Administrative reform |
| 773 ## - HOST ITEM ENTRY |
| Main entry heading |
Economic and Political Weekly |
| 908 ## - PUT COMMAND PARAMETER (RLIN) |
| Put command parameter |
N |
| 909 ## - |
| -- |
105556 |